ბათუმის შოთა რუსთაველის სახელმწიფო უნივერსიტეტის ბიბლიოთეკა

Интегрирование. Меры, интегрирование мер. Integration. (ბიბ.ჩანაწერი № 38706)

000 -LEADER
fixed length control field 00740nam a2200205Ia 4500
001 - CONTROL NUMBER
control field 4970
003 - CONTROL NUMBER IDENTIFIER
control field GE_BSU
008 - FIXED-LENGTH DATA ELEMENTS--GENERAL INFORMATION
fixed length control field 181216s||||||||xx |||||||||||||| ||und||
040 ## - CATALOGING SOURCE
Transcribing agency GE_BSU
080 ## - UNIVERSAL DECIMAL CLASSIFICATION NUMBER
Universal Decimal Classification number 517.3
100 ## - MAIN ENTRY--PERSONAL NAME
Personal name Бурбаки, Н. Bourbaki. N
245 ## - TITLE STATEMENT
Title Интегрирование. Меры, интегрирование мер. Integration.
245 ## - TITLE STATEMENT
Statement of responsibility, etc. Под ред. С.Б. Стечкина. Пер. с французского Е.И. Стечкиной. Гл. ред. физ.-мат. лит-ры.
260 ## - PUBLICATION, DISTRIBUTION, ETC.
Place of publication, distribution, etc. Москва
260 ## - PUBLICATION, DISTRIBUTION, ETC.
Name of publisher, distributor, etc. Наука
260 ## - PUBLICATION, DISTRIBUTION, ETC.
Date of publication, distribution, etc. 1967
300 ## - PHYSICAL DESCRIPTION
Extent 396 с. 22 см.
653 ## - INDEX TERM--UNCONTROLLED
Uncontrolled term Интегрирование. Меры, интегрирование мер. Integration.
942 ## - ADDED ENTRY ELEMENTS (KOHA)
Koha item type წიგნი
ეგზემპლარები
Withdrawn status Lost status Damaged status Not for loan Date acquired Barcode Date last seen Price effective from Koha item type
        2018-12-17 15454 2018-12-17 2018-12-17 წიგნი
        2018-12-17 16406 2018-12-17 2018-12-17 წიგნი
        2018-12-17 17709 2018-12-17 2018-12-17 წიგნი